Most Popular C Names - Statistics

General Stats
  • This quiz has been taken 55 times
  • The average score is 8 of 20
Answer Stats
# of People Name % Correct
1,917,310 Christopher
73%
1,216,370 Charles
70%
230,737 Carl
61%
530,063 Carol
52%
383,097 Catherine
52%
465,026 Christine
52%
452,377 Christian
48%
331,026 Cameron
43%
242,524 Chloe
43%
310,637 Charlotte
41%
445,282 Christina
39%
273,638 Carlos
30%
312,852 Caleb
27%
271,881 Courtney
27%
364,140 Cheryl
25%
286,474 Cody
25%
600,355 Cynthia
25%
363,118 Carolyn
16%
245,676 Craig
14%
316,028 Crystal
9%
No matching quizzes found
Score Distribution
Percent of People with Each Score
Percentile by Number Answered
Your Score History
You have not taken this quiz